000 00723nam a22001695i 4500
001 156357
003 ES-MaACL
005 20230906210406.0
008 040730s1856 sp |||| | spa d
040 _aCAM
_bspa
_cCAM
100 1 _aJiménez Placer, Carlos.
_9128315
245 1 3 _aEl último suspiro
_b: drama en cuatro actos y en verso /
_corijinal [sic] de Carlos Jimenez Placer.
260 _aSevilla :
_b[s.n.],
_c1856 (
_fJuan Moyano impresor y encuadernador)
300 _a100 p. ;
_c19 cm.
597 _aPort. con viñeta xil.
852 _aES-MaACL
_jF-8553(7)
_z-- Enc. pasta española
_q-- Falto de la cub. original
_z-- Enc. en un vol. facticio formando parte de la col. facticia "Teatro español moderno", v. 5
999 _c156357
_d156357